Vector mechanics for engineers (Record no. 4856)

000 -LEADER
fixed length control field 00594nam a2200217 a 4500
001 - CONTROL NUMBER
control field 4856
003 - CONTROL NUMBER IDENTIFIER
control field BD-DhUET
008 - FIXED-LENGTH DATA ELEMENTS--GENERAL INFORMATION
fixed length control field 840307s1984 nyua 001 0 eng
020 ## - INTERNATIONAL STANDARD BOOK NUMBER
International Standard Book Number 0070044384
040 ## - CATALOGING SOURCE
Original cataloging agency DLC
Transcribing agency DLC
Modifying agency BD-DhUET
082 00 - DEWEY DECIMAL CLASSIFICATION NUMBER
Classification number 620.1
Item number BEE/1984
100 ## - MAIN ENTRY--PERSONAL NAME
Personal name Beer, Ferdinand P.
245 10 - TITLE STATEMENT
Title Vector mechanics for engineers
Remainder of title statics and dynamics
250 ## - EDITION STATEMENT
Edition statement 4th ed.
260 ## - PUBLICATION, DISTRIBUTION, ETC. (IMPRINT)
Place of publication, distribution, etc. New York
Name of publisher, distributor, etc. McGraw-Hill
Date of publication, distribution, etc. 1984
300 ## - PHYSICAL DESCRIPTION
Extent xxi, 926 p.
Other physical details ill.
Dimensions 24 cm.
504 ## - BIBLIOGRAPHY, ETC. NOTE
Bibliography, etc Includes bibliographies
650 #0 - SUBJECT ADDED ENTRY--TOPICAL TERM
Topical term or geographic name as entry element Engineering instruments
700 1# - ADDED ENTRY--PERSONAL NAME
Personal name Johnston, E. Russell
942 ## - ADDED ENTRY ELEMENTS (KOHA)
Koha item type General Book
Holdings
Koha item type Koha full call number Copy number Damaged status Koha date last borrowed Koha normalized classification for sorting Koha issues (times borrowed) Piece designation (barcode) Location (home branch) Lost status Sublocation or collection (holding branch) Koha date last seen Shelving location Withdrawn status Date acquired Not for loan Source of classification or shelving scheme Price effective from
General Book620.1/BEE/19841  620_100000000000000_BEE_1984 66051Central Library, BUET Central Library, BUET2015-12-08Circulation section 2014-11-23  2014-11-23
General Book620.1/BEE/19841 2022-06-12620_000000000000000_1BEE1984266042Central Library, BUET Central Library, BUET2022-06-20Circulation section 2014-11-24  2014-11-24
General Book620.1/BEE/19841 2023-01-10620_100000000000000_BEE_1984466086Central Library, BUET Central Library, BUET2023-06-07Circulation section 2014-11-29  2014-11-29
General Book620.1 /BEE/198449 2025-04-30620_100000000000000_BEE_1984166044Central Library, BUET Central Library, BUET2025-05-28Circulation section 2014-12-11  2014-12-11
General Book620.1/BEE/19841  620_100000000000000_BEE_1984 66012Central Library, BUET Central Library, BUET2015-02-23Circulation section 2014-12-11  2014-12-11
General Book620.1/BEE/19846  620_100000000000000_BEE_1984 66043Central Library, BUET Central Library, BUET2015-12-22Circulation section 2015-01-19  2015-01-19
General Book620.1/BEE/19847 2022-11-21620_100000000000000_BEE_1984181336Central Library, BUET Central Library, BUET2022-12-13Circulation section 2015-02-16  2015-02-16
General Book620.1/BEE/19841 2018-04-18620_100000000000000_BEE_1984166048Central Library, BUET Central Library, BUET2018-04-30Circulation section 2015-04-01  2015-04-01
Reading Item620.1/BEE/19849  620_100000000000000_BEE_1984 66015Central Library, BUET Central Library, BUET2015-06-21Reading section 2015-06-21  2015-06-21
General Book620.1/BEE/198410  620_100000000000000_BEE_1984 66014Central Library, BUET Central Library, BUET2015-06-22Reading section 2015-06-22  2015-06-22
General Book620.1/BEE/198411  620_100000000000000_BEE_1984 66013Central Library, BUET Central Library, BUET2015-06-22Reading section 2015-06-22  2015-06-22
Reading Item620.01/BEE/198412  620_010000000000000_BEE_1984 66095Central Library, BUET Central Library, BUET2015-06-29Reading section 2015-06-29  2015-06-29
General Book620.1/BEE/198413  620_100000000000000_BEE_1984 75502Central Library, BUET Central Library, BUET2015-07-28Circulation section 2015-07-28  2015-07-28